2026 Houston Astros Player by Birth Place - Statistics

General Stats
  • This quiz has been taken 10 times
  • The average score is 9 of 21
Answer Stats
Player State/Country % Correct
Yordan Alvarez Cuba
100%
Bryan Abreu Dominican Republic
86%
Christian Roa Texas
86%
Jose Altuve Venezuela
86%
Steven Okert California
71%
Bennett Sousa Florida
57%
Lance McCullers Jr. Florida
57%
Tatsuya Imai Japan
57%
César Salazar Mexico
57%
Hunter Brown Michigan
43%
Christian Vázquez Puerto Rico
43%
Bryan King Colorado
29%
Mike Burrows Connecticut
14%
Josh Hader Maryland
14%
Jake Meyers Nebraska
14%
AJ Blubaugh Ohio
14%
Joey Loperfido Pennsylvania
14%
Kai-Wei Teng Taiwan
14%
Brandon Walter Delaware
0%
Ryan Weiss Illinois
0%
Cody Bolton Virginia
0%
No matching quizzes found
Score Distribution
Percent of People with Each Score
Percentile by Number Answered
Your Score History
You have not taken this quiz